000 01492nam1a2200313 i 4500
001 RU\NLR\bibl\1151384
005 20260408071521.0
035 _a(NLR Aleph) 001138178
090 _a1400724
_c1400724
100 _a20071108d2006 u y0rusy50 ca
101 0 _arus
_aeng
102 _aRU
105 _a||||z |||||
200 1 _aSocial issues
_eучебное пособие по практике устной речи
_e[в 2 ч.]
_fФедер. агентство по образованию, Мурман. гос. пед. ун-т
_g[авт.-сост.: С.В. Палехина]
210 _aМурманск
_cМурманский государственный педагогический университет
_d2006
215 _d21
320 _aБиблиогр. в конце частей
463 0 _10011105467
463 0 _10011105466
606 1 _aАнглийский язык
_jУчебные издания для высших учебных заведений
_xРазговорная речь
_9972088
_3RU\NLR\auth\6645917
686 1 _aШ143.21-93рус3-6
702 1 _aПалехина
_bС. В.
_gСветлана Валерьевна
_4220
712 0 2 _4570
_aМурманский государственный педагогический университет
_3RU\NLR\AUTH\8810052696
_9605821
801 0 _aRU
_bNLR
_c20071108
_gRCR
801 1 _aRU
_bNLR
_c20071108
852 _aNLR
_j2007-4/12848
942 _cBOOK